[Event "ch-EST"]
[Site "Tallinn EST"]
[Date "2005.05.13"]
[Round "6"]
[White "Lelumees,B"]
[Black "Kalinitschew,S"]
[Result "0-1"]
[WhiteElo "2147"]
[BlackElo "2487"]

1.e4 g6 2.d4 Bg7 3.Nc3 d6 4.Be3 c6 5.f4 b5 6.Bd3 Nf6 7.h3 b4 8.Nce2 O-O 9.Nf3 Bb7
10.c4 bxc3 11.Nxc3 Nbd7 12.O-O c5 13.d5 Nb6 14.a4 a5 15.Qe1 Ba6 16.Rd1 Bxd3
17.Rxd3 Nfd7 18.Qh4 Nc4 19.Bc1 Rb8 20.Nb5 Ncb6 21.Nc3 Nc4 22.Nb5 Ncb6 23.Na7 Bf6
24.Ng5 Bxg5 25.Qxg5 f6 26.Qg4 Qe8 27.Nc6 Ra8 28.Rg3 f5 29.exf5 Nf6 30.Qe2 Nbxd5
31.fxg6 Qxc6 32.f5 Qxa4 33.Bh6 Qe4 34.Qxe4 Nxe4 35.Rd3 Ndf6 36.Bxf8 Rxf8
37.gxh7+ Kxh7 38.g4 Kh6 39.Re1 Kg5 40.Kg2 Rb8 41.b3 Kh4 42.Ra1 Rb5 43.Kf3 Ng5+
44.Kg2 c4 45.bxc4 Rb2+ 46.Kf1 Nxh3 47.Rxa5 Rb1+ 48.Ke2 Nf4+ 49.Ke3 Nxd3 50.Kxd3 Kxg4
51.c5 dxc5 52.Rxc5 Rd1+ 53.Ke2 Rd5 54.Rc7 Re5+  0-1

[Event "FSGM May"]
[Site "Budapest HUN"]
[Date "2005.05.14"]
[Round "8"]
[White "Hoang Thanh Trang"]
[Black "Paschall,W"]
[Result "1-0"]
[WhiteElo "2470"]
[BlackElo "2400"]

1.d4 g6 2.e4 Bg7 3.Nc3 d6 4.f4 c6 5.Nf3 Bg4 6.Be3 Qb6 7.Qd2 Bxf3 8.gxf3 Qxb2
9.Rb1 Qa3 10.Rxb7 Nd7 11.Nb1 Qxa2 12.Qc3 Nb6 13.Qxc6+ Kf8 14.Nd2 Qa1+ 15.Ke2 Nf6
16.Nb3 Qa4 17.Qxa4 Nxa4 18.Bh3 Nb6 19.Ra1 Nc8 20.Bxc8 Rxc8 21.Raxa7 Ng8 22.c4  1-0

[Event "62nd ch-GEO w"]
[Site "Tblisi GEO"]
[Date "2005.05.14"]
[Round "9"]
[White "Melia,S"]
[Black "Gurieli,N"]
[Result "1-0"]
[WhiteElo "2333"]
[BlackElo "2348"]

1.e4 g6 2.d4 Bg7 3.Nc3 d6 4.g3 Nf6 5.Bg2 O-O 6.Nge2 Nbd7 7.O-O e5 8.h3 exd4
9.Nxd4 Re8 10.Re1 a5 11.Ndb5 h6 12.f4 a4 13.Be3 a3 14.b3 Ra5 15.Bf2 b6 16.b4 Ra6
17.Qd3 Nh5 18.Rad1 Nf8 19.Qc4 Be6 20.Nd5 Qd7 21.Nbxc7 b5 22.Qxb5 Qxb5 23.Nxb5 Rb8
24.Nbc7 Ra4 25.c3 Nd7 26.Ne7+ Kf8 27.Nxg6+ fxg6 28.Nxe6+ Ke7 29.Nxg7 Nxg7
30.e5 dxe5 31.Bc6  1-0

[Event "ch-LAT"]
[Site "Riga LAT"]
[Date "2005.05.15"]
[Round "4"]
[White "Neiksans,A"]
[Black "Luckans,A"]
[Result "1/2-1/2"]
[WhiteElo "2439"]
[BlackElo "2452"]

1.e4 g6 2.d4 Bg7 3.Nc3 d6 4.f4 a6 5.Nf3 b5 6.Bd3 Bb7 7.Qe2 Nd7 8.e5 Bxf3
9.Qxf3 e6 10.Ne4 d5 11.Ng5 c5 12.c3 Ne7 13.Qf2 Qc7 14.O-O h6 15.Nf3 h5 16.h3 c4
17.Bc2 a5 18.a3 a4 19.Bd2 O-O-O 20.Ng5 Rdf8 21.g4 hxg4 22.hxg4 Bh6 23.Nh3 Bg7
24.Kg2 Qc6 25.Rae1 Kb7 26.Rh1 Qc8 27.Ng5 Bh6 28.Nf3 Bg7 29.Qg3 Qe8 30.Rxh8 Rxh8
31.Rh1 Rxh1 32.Kxh1 Qh8+ 33.Kg2 Kc8 34.Ng5 Qg8 35.Qh4 Kd8 36.Nf3 Ke8 37.Be1 Nf8
38.Qh2 Qh8 39.Bh4 Nd7 40.Qg3 Nf8 41.Bg5 Nh7 42.Bh4 Nf8 43.Bg5 Nh7 44.Bxe7 Kxe7
45.Qh4+ Ke8 46.f5 gxf5 47.gxf5 exf5 48.Bxf5 Nf8 49.Qxh8 Bxh8 50.Bc8 Ne6 51.Bb7 Nc7
52.Bc6+ Ke7 53.Nh4 Ke6 54.Bb7 Kd7 55.Kf2 f6 56.exf6 Bxf6 57.Nf5 Bg5 58.Ne3 Kd6
59.Nf5+ Ke6 60.Bc8+ Kf6 61.Ne3 Ke7 62.Bh3 Kd6 63.Ke2 Ne8 64.Nf5+ Kc6 65.Kd1  1/2-1/2

[Event "Open"]
[Site "Znojmo CZE"]
[Date "2005.05.15"]
[Round "1"]
[White "Pribila,M"]
[Black "Vokac,M"]
[Result "0-1"]
[WhiteElo "2031"]
[BlackElo "2454"]

1.e4 g6 2.d4 Bg7 3.Nc3 d6 4.Be3 a6 5.Qd2 b5 6.Bd3 Nd7 7.a3 c5 8.Nf3 cxd4
9.Bxd4 Ngf6 10.Be3 O-O 11.Bh6 Qb6 12.Bxg7 Kxg7 13.h4 h5 14.Ng5 Bb7 15.f4 Ng4
16.Rf1 Qe3+ 17.Qxe3 Nxe3 18.Rf2 Nc5 19.Re2 Ng4 20.O-O-O f6 21.Nh3 e5 22.g3 Rac8
23.Nf2 f5 24.Nxg4 hxg4 25.fxe5 dxe5 26.Rg1 Nxd3+ 27.cxd3 a5 28.Kd2 b4 29.axb4 axb4
30.Na2 b3 31.Nc3 fxe4 32.dxe4 Rf3 33.Kc1 Kh6 34.Ree1 Ra8 35.Kb1 Ba6 36.Rg2 Bd3+
37.Kc1 Bf1 38.Rh2 Ra1+  0-1

[Event "ch-LAT"]
[Site "Riga LAT"]
[Date "2005.05.16"]
[Round "6"]
[White "Meijers,V"]
[Black "Kengis,E"]
[Result "0-1"]
[WhiteElo "2486"]
[BlackElo "2537"]

1.e4 g6 2.d4 Bg7 3.Nc3 d6 4.Be3 a6 5.a4 Nf6 6.Be2 O-O 7.h3 e5 8.dxe5 dxe5
9.Qxd8 Rxd8 10.Rd1 Rxd1+ 11.Kxd1 Nc6 12.Nf3 b5 13.axb5 axb5 14.Bxb5 Nd4 15.Be2 Ra1+
16.Bc1 Nxf3 17.Bxf3 Bh6 18.Ne2 Ba6 19.c4 Bxc4 20.Kc2 Bxe2 21.Bxe2 Nxe4 22.f4 Ng3
23.Re1 Bxf4  0-1

[Event "ch-LAT w"]
[Site "Riga LAT"]
[Date "2005.05.17"]
[Round "6"]
[White "Erneste,I"]
[Black "Voronova,T"]
[Result "1/2-1/2"]
[WhiteElo "2287"]
[BlackElo "2226"]

1.e4 g6 2.d4 Bg7 3.Nc3 d6 4.Be3 a6 5.a4 b6 6.Nf3 e6 7.Qd2 h6 8.h3 Nd7 9.Rd1 Bb7
10.Be2 Qe7 11.O-O Ngf6 12.Bd3 g5 13.e5 dxe5 14.Nxe5 Nxe5 15.dxe5 Nd7 16.Be4 Bxe4
17.Nxe4 Nxe5 18.Bd4 O-O 19.Qc3 f6 20.Bxe5 fxe5 21.Qc6 Rad8 22.c3 a5 23.f3 Kf7
24.Kf2 Rfe8 25.Ke2 Bf8 26.Rxd8 Rxd8 27.Rd1 Rxd1 28.Kxd1 Qd8+ 29.Kc2 Be7 30.g4  1/2-1/2

[Event "TCh-SCG w"]
[Site "Herceg Novi SCG"]
[Date "2005.05.18"]
[Round "4"]
[White "Benderac,A"]
[Black "Aleksov,A"]
[Result "1-0"]
[WhiteElo "2287"]
[BlackElo "2044"]

1.d4 g6 2.e4 d6 3.Nc3 Bg7 4.Be3 Nf6 5.f3 O-O 6.Qd2 Re8 7.O-O-O Nbd7 8.g4 e5
9.d5 Nb6 10.Bh6 Bh8 11.h4 Bd7 12.h5 Qe7 13.Nge2 Na4 14.Ng3 Nxc3 15.bxc3 Rec8
16.Bc4 b5 17.Bb3 a5 18.a3 Rcb8 19.Kb2 Ra7 20.Nf5 Qe8 21.Be3 Rab7 22.Ng3 b4
23.axb4 axb4 24.c4 Ba4 25.g5 Bxb3 26.cxb3 Nd7 27.Ra1 Nb6 28.Bxb6 Rxb6 29.Ra4 Qe7
30.Nf1 f6 31.hxg6 hxg6 32.Qh2 Bg7 33.Ne3 Kf7 34.Ng4 fxg5 35.Qh7 Ke8 36.Qxg6+ Qf7
37.Qxg5 Qxf3 38.Rh2 Qc3+ 39.Ka2 Bf8 40.Rf2 Be7 41.Nf6+ Bxf6 42.Qxf6 Kd7 43.Qe6+  1-0

[Event "ch-LAT"]
[Site "Riga LAT"]
[Date "2005.05.18"]
[Round "8"]
[White "Kalnins,K"]
[Black "Luckans,A"]
[Result "1/2-1/2"]
[WhiteElo "2205"]
[BlackElo "2452"]

1.e4 g6 2.d4 Bg7 3.Nc3 d6 4.Be3 a6 5.a4 Nf6 6.f3 O-O 7.Qd2 e5 8.dxe5 dxe5
9.Qxd8 Rxd8 10.Bc4 Nc6 11.Nge2 Nb4 12.Rc1 b6 13.Kf2 Bb7 14.Na2 Nc6 15.Rcd1 Bf8
16.Nac1 Kg7 17.c3 Na5 18.Ba2 Bc6 19.Rxd8 Rxd8 20.b4 Nb7 21.Bb3 a5 22.b5 Be8
23.c4 Bb4 24.Rd1 Rxd1 25.Bxd1 Nd7 26.Nd3 Bd6 27.Nc3 f6 28.Nd5 Bf7 29.Bc2 Be6
30.Ke2 Kf7 31.g4 Bxd5 32.cxd5 Ke7 33.Nb2 Bc5 34.Nd3 Bxe3 35.Kxe3 Ndc5 36.Nxc5 Nxc5
37.h4 g5 38.h5 Kd6 39.Kd2 Nb7 40.Kc3 Kc5 41.Bb1 Nd6 42.Bd3 h6 43.Be2 Nc8
44.Bc4 Nd6 45.Bb3 Nc8 46.Bc4 Nd6 47.Bd3 Nb7 48.Bc4 Kd6 49.Bb3 Nc5 50.Bc2 Kd7
51.Kd2 Ke7 52.Kc3 Nb7 53.Kd2 Nd6 54.Kc3 Nc8 55.Bb1 Kd6 56.Ba2 Kc5 57.Bc4 Nd6
58.Bd3 Nc8 59.Bc4 Ne7 60.Bb3  1/2-1/2

[Event "ch-UKR sf"]
[Site "Alushta UKR"]
[Date "2005.05.19"]
[Round "4"]
[White "Burlai,O"]
[Black "Matjushin,G"]
[Result "1/2-1/2"]
[WhiteElo "2324"]
[BlackElo "2416"]

1.d4 d6 2.e4 g6 3.Nc3 Bg7 4.Be3 c6 5.Qd2 b5 6.Bd3 Nd7 7.Nf3 Ngf6 8.Bh6 O-O
9.Bxg7 Kxg7 10.a4 b4 11.Ne2 a5 12.e5 dxe5 13.dxe5 Ng4 14.Qf4 Nc5 15.Bc4 f6
16.e6 f5 17.h3 Nf6 18.Ned4 Qd6 19.Qxd6 exd6 20.Nxc6 Bxe6 21.Bxe6 Nxe6 22.O-O Ne4  1/2-1/2

[Event "ch-UKR sf"]
[Site "Alushta UKR"]
[Date "2005.05.19"]
[Round "4"]
[White "Shkuro,I"]
[Black "Kirichenko,V1"]
[Result "0-1"]
[WhiteElo "2418"]
[BlackElo "2296"]

1.e4 g6 2.d4 Bg7 3.Nc3 d6 4.f4 a6 5.Nf3 b5 6.Bd3 Nd7 7.e5 e6 8.O-O Ne7 9.Ne4 d5
10.Neg5 c5 11.c3 cxd4 12.cxd4 Qb6 13.a4 bxa4 14.Qxa4 Nc6 15.Bd2 h6 16.Nxe6 fxe6
17.Bxg6+ Kd8 18.Ra3 Rb8 19.Rc1 Nb4 20.Rac3 a5 21.Rc6 Nxc6 22.Rxc6 Qxb2 23.Rxe6 Nb6
24.Rd6+ Bd7 25.Qc6 Qa1+ 26.Kf2 Bf8 27.Rxd7+ Nxd7 28.Bf5 Nb6 29.Qf6+ Kc7 30.Qxh8 Bb4
31.Qg7+ Kc6 32.Be3 Qb2+ 33.Kg3 a4 34.e6 Bd6 35.Ne5+ Bxe5 36.dxe5 Qc3 37.Kf2 d4
38.Be4+ Kb5 39.Bxd4 Qxd4+ 40.Kf3 Nc4 41.Qd7+ Qxd7 42.exd7 Nd2+ 43.Ke3 Nxe4
44.Kxe4 Kc6  0-1

[Event "ch-UKR sf"]
[Site "Alushta UKR"]
[Date "2005.05.21"]
[Round "6"]
[White "Yarmysty,M"]
[Black "Kaliuzhny,A"]
[Result "1-0"]
[WhiteElo "2334"]
[BlackElo "2218"]

1.e4 d6 2.d4 g6 3.Nc3 Bg7 4.h3 c6 5.a4 a5 6.Nge2 Qc7 7.g4 e5 8.Bg2 Ne7 9.O-O f5
10.gxf5 gxf5 11.dxe5 dxe5 12.exf5 Bxf5 13.Ng3 O-O 14.Nce4 Nd7 15.Nh5 Nd5
16.Neg3 Be6 17.Nxg7 Kxg7 18.c4 Nf4 19.Nh5+ Nxh5 20.Qxh5 Nf6 21.Qh4 Rf7 22.Bg5 Ng8
23.Ra3 Bf5 24.Re1 Raf8 25.Bd2 Re8 26.Rae3 Kf8 27.Bc3 Re6 28.Rxe5 Rxe5 29.Rxe5 b6
30.Qg3 Ne7 31.Bd2 Qd6 32.Bg5 Qg6 33.Qe3 Ng8 34.Bh4 c5 35.Re8+ Kg7 36.Bg3 Nf6
37.Be5 Rd7 38.Rb8 Rd3 39.Qf4 Kf7 40.Rxb6 Nh5 41.Rxg6 Nxf4 42.Rf6+  1-0

[Event "ch-LAT"]
[Site "Riga LAT"]
[Date "2005.05.21"]
[Round "13"]
[White "Sveshnikov,E"]
[Black "Luckans,A"]
[Result "1/2-1/2"]
[WhiteElo "2499"]
[BlackElo "2452"]

1.e4 g6 2.d4 Bg7 3.Nc3 d6 4.Be3 a6 5.f4 b5 6.Nf3 Bb7 7.Bd3 b4 8.Na4 Nf6 9.Nd2 O-O
10.c4 Qc8 11.h3 Nbd7 12.O-O e6 13.Qc2 Bc6 14.Rae1 Qb7 15.Kh2 Rac8 16.b3 Bxa4
17.bxa4 c5 18.d5 Qc7 19.g4 exd5 20.cxd5 c4 21.Qxc4 Qxc4 22.Nxc4 Nxe4 23.Bxe4 Rxc4
24.Bd3 Rc3 25.Bxa6 Nf6 26.Bd4 Ra3 27.Bc4 Rxa4 28.Bb3 Ra6 29.Bxf6 Bxf6 30.g5 Bd4
31.Re4 Bc3 32.Rf2 Raa8 33.Rfe2 Rad8 34.Kg3 Kg7 35.Re7 h6 36.h4 hxg5 37.hxg5 Kg8
38.Kg4 Rc8 39.Ba4 Rc4 40.Bb3 Rd4 41.R7e4 Rd8 42.Rxd4 Bxd4 43.Re4 Bc3 44.Re7 Kf8
45.Rc7 Bd4 46.Rb7 Bc5 47.f5 gxf5+ 48.Kxf5 Re8 49.g6 fxg6+ 50.Kxg6 Re7 51.Rb8+ Re8
52.Rb5 Re2 53.Rb7 Re7 54.Rb8+ Re8 55.Rb7  1/2-1/2

[Event "TCh-ROM A"]
[Site "Tusnad ROM"]
[Date "2005.05.21"]
[Round "1"]
[White "Stefan,E"]
[Black "Munteanu,V"]
[Result "1/2-1/2"]
[WhiteElo "2068"]
[BlackElo "2109"]

1.e4 d6 2.d4 g6 3.Nc3 Bg7 4.f4 a6 5.Nf3 b5 6.Bd3 Nd7 7.O-O Bb7 8.Kh1 e6 9.Qe1 Ne7
10.f5 h6 11.fxe6 fxe6 12.Qh4 c5 13.Be3 c4 14.Be2 Nf6 15.Nd2 g5 16.Qh3 Qd7
17.e5 dxe5 18.dxe5 g4 19.Bxg4 Nxg4 20.Qxg4 O-O-O 21.Nde4 Nf5 22.Qe2 Qc6 23.a3 Bxe5
24.Bf4 Bxc3 25.Nxc3 Nd4 26.Qf2 Rdf8 27.Qd2 Rhg8 28.Bg3 Nf5 29.Rf3 Nxg3+ 30.Rxg3 Rxg3
31.hxg3 Rf5 32.Rd1 Rh5+ 33.Kg1 Qc5+ 34.Qd4 Qxd4+ 35.Rxd4 Kc7 36.Ne2 e5 37.Rg4 Rg5
38.Rh4 h5 39.b3 cxb3 40.cxb3 Bd5 41.b4 Bf7 42.Re4 Kd6 43.Re3 Bg6 44.Kf2 Kd5
45.Rc3 Rg4 46.Rc5+ Kd6  1/2-1/2

[Event "TCh-ROM A"]
[Site "Tusnad ROM"]
[Date "2005.05.21"]
[Round "1"]
[White "Szabo,G ROM"]
[Black "Moraru,M"]
[Result "1-0"]
[WhiteElo "2434"]
[BlackElo "2339"]

1.e4 g6 2.d4 Bg7 3.Nc3 d6 4.Be3 Nd7 5.Qd2 a6 6.Bd3 e5 7.Nf3 exd4 8.Nxd4 Ne7
9.Be2 h6 10.f4 b5 11.O-O Bb7 12.f5 g5 13.h4 Be5 14.hxg5 hxg5 15.Bxg5 b4 16.Nd5 Nc5
17.Bf3 Bh2+ 18.Kf2 Bxd5 19.exd5 Qd7 20.Bf6 O-O-O 21.Bxh8 Rxh8 22.Qg5 Rg8
23.Qh5 Be5 24.Rae1 Bg3+ 25.Kg1 Qd8 26.f6  1-0

[Event "HB Global CC"]
[Site "Minneapolis USA"]
[Date "2005.05.22"]
[Round "9"]
[White "Barnett,A"]
[Black "Burnett,R"]
[Result "1-0"]
[WhiteElo "2193"]
[BlackElo "2433"]

1.e4 g6 2.d4 Bg7 3.Nc3 d6 4.Be3 c6 5.Qd2 b5 6.a4 b4 7.Nd1 a5 8.c3 Nf6 9.f3 bxc3
10.bxc3 Nbd7 11.Bd3 e5 12.Ne2 O-O 13.O-O d5 14.Nf2 Qc7 15.Bh6 Bb7 16.Ng3 c5
17.Bxg7 Kxg7 18.exd5 exd4 19.c4 Rfe8 20.Nfe4 Nxe4 21.Nxe4 Ba6 22.Rae1 Rab8
23.f4 f5 24.Ng5 Nf8 25.Rxe8 Rxe8 26.Re1 Qd8 27.Nf3 Bc8 28.Ne5 Bd7 29.Bc2 Kg8
30.Nd3 Qc7 31.Rxe8 Bxe8 32.Qe1 Kf7 33.Qe5 Qb6 34.Qh8 Nd7 35.Qxh7+ Kf8 36.h3 Qa6
37.Bb3 Qb6 38.Ba2 Nf6 39.Qh8+ Ke7 40.Qg7+ Kd8 41.Qf8 Ne4 42.Ne5 Qb2 43.Kh2 d3
44.Nc6+ Kc7 45.Qxe8 Qg7 46.Qb8+  1-0

[Event "13th Guillermo Garcia mem Prem II"]
[Site "Santa Clara CUB"]
[Date "2005.05.22"]
[Round "2"]
[White "Fernandez Romero,Ern"]
[Black "Kallio,H"]
[Result "1-0"]
[WhiteElo "2449"]
[BlackElo "2469"]

1.e4 d6 2.d4 g6 3.Nc3 Bg7 4.f4 c6 5.Nf3 b5 6.Bd3 b4 7.Ne2 Nf6 8.O-O Ba6 9.e5 Nd5
10.Ng5 e6 11.Ne4 Bf8 12.c4 bxc3 13.bxc3 Bxd3 14.Qxd3 Nd7 15.Nxd6+ Bxd6 16.exd6 O-O
17.c4 N5f6 18.Ng3 Qa5 19.f5 exf5 20.Bh6 Rfe8 21.Nxf5 gxf5 22.Rxf5 Re1+ 23.Kf2 Ng4+
24.Kg3 Qb4 25.Rg5+ Kh8 26.Bg7+ Kg8 27.Be5+ Kf8 28.Qxh7 Qc3+ 29.Kh4  1-0

[Event "ch-UKR w"]
[Site "Alushta UKR"]
[Date "2005.05.23"]
[Round "8"]
[White "Orlyanskaya,D"]
[Black "Rudakova,Z"]
[Result "0-1"]
[WhiteElo "2045"]
[BlackElo "2121"]

1.e4 g6 2.d4 d6 3.Nc3 Bg7 4.Nf3 Bg4 5.Be3 c6 6.h3 Bxf3 7.Qxf3 Nd7 8.O-O-O b5
9.g4 e6 10.Qg3 b4 11.Ne2 d5 12.Qd6 Qb6 13.exd5 cxd5 14.Qxb6 Nxb6 15.Nf4 a6
16.Nd3 Bf8 17.Bd2 a5 18.Ne5 Bd6 19.Bb5+ Kf8 20.f4 h5 21.Nd7+ Nxd7 22.Bxd7 Nf6
23.Ba4 Ke7 24.g5 Ne4 25.Be3 Ng3 26.Rhe1 Nf5 27.Bd2 Nxd4 28.Kb1 Rac8 29.Bc1 Nf5
30.Rxd5 Rc5 31.Rd3 Rc4 32.Bb3 Rd4 33.Rxd4 Nxd4 34.Bd5 Rc8 35.Be4 Kd7 36.Bd3 Nf5
37.Re4 Bc5 38.Re5 Kd6 39.b3 Nd4 40.Re1 Nc6 41.Re4 Ne7 42.Bb2 Nd5 43.Be5+ Kc6
44.Bc4 Rd8 45.Bxd5+ Rxd5 46.Rc4 Rd1+ 47.Kb2 Kd5 48.Bf6 h4 49.c3 Rd2+ 50.Kb1 Rd3
51.a3 Rxh3 52.axb4 axb4 53.Bd4 Bd6 54.cxb4 Rxb3+  0-1

[Event "ch-UKR sf"]
[Site "Alushta UKR"]
[Date "2005.05.23"]
[Round "8"]
[White "Skliar,A"]
[Black "Kaliuzhny,A"]
[Result "1-0"]
[WhiteElo "2345"]
[BlackElo "2218"]

1.e4 g6 2.d4 Bg7 3.Nc3 d6 4.f4 Nf6 5.Nf3 O-O 6.Be3 c6 7.a4 Qa5 8.Bd3 e5 9.dxe5 Ng4
10.Bd2 Qc5 11.Qe2 dxe5 12.h3 Nf6 13.Nxe5 Nh5 14.Qf2 Qxf2+ 15.Kxf2 Bxe5 16.fxe5 Re8
17.g4 Ng7 18.Kg3 Nd7 19.h4 Nxe5 20.Be2 Be6 21.Bf4 f6 22.g5 Nd7 23.Rad1 fxg5
24.hxg5 Nf8 25.b4 Bf7 26.Be3 a6 27.Bb6 Nge6 28.Kh4 Nf4 29.Bf3 N4e6 30.Rd6 Kg7
31.Rhd1 h6 32.gxh6+ Kxh6 33.Be3+ Kg7 34.Kg3 Kf6 35.Nd5+ Kg7 36.Rh1 Rad8 37.Bh6+ Kh8
38.Nf6 Nh7 39.Nxe8 Rxe8 40.Rd7  1-0

[Event "30th Elekes Mem IM"]
[Site "Budapest HUN"]
[Date "2005.05.23"]
[Round "3"]
[White "Werner,Di"]
[Black "Mester,G"]
[Result "0-1"]
[WhiteElo "2334"]
[BlackElo "2410"]

1.e4 g6 2.d4 Bg7 3.Nc3 d6 4.Be3 Nf6 5.h3 O-O 6.Nf3 c6 7.a4 Nbd7 8.Be2 e5
9.dxe5 dxe5 10.Nd2 Qe7 11.Nc4 Ne8 12.Qd2 Nc5 13.Nd6 Ne6 14.Nxc8 Rxc8 15.Bxa7 Nd4
16.Bd3 c5 17.Bc4 Nd6 18.Bd5 Rfd8 19.Bb6 Rd7 20.Qd1 Ne6 21.Qf3 Nd4 22.Qd1 Kh8
23.O-O f5 24.f3 Bh6 25.Ne2 fxe4 26.fxe4 N6f5 27.Nxd4 Ne3 28.Qd2 cxd4 29.Bb3 Nxf1
30.Qxh6 Ne3 31.c3 Qf6 32.cxd4 exd4 33.a5 Rg7 34.Kh1 Qf2 35.Qg5 Qxb2 36.Rg1 Qxb3
37.Bxd4 Nc2 38.Rc1 Re8 39.Be5 Kg8 40.Qf6 Ree7 41.Rd1 h5 42.Rd8+ Kh7 43.Qf8 Qg8
44.Bxg7 Qxg7 45.Qf2 Nb4 46.Qb6 Nc6 47.a6 Nxd8 48.a7 Qa1+  0-1

[Event "VII Open"]
[Site "Salou ESP"]
[Date "2005.05.23"]
[Round "4"]
[White "Kolev,At"]
[Black "Hillarp Persson,T"]
[Result "1-0"]
[WhiteElo "2524"]
[BlackElo "2533"]

1.e4 g6 2.d4 Bg7 3.Nc3 d6 4.f4 a6 5.Nf3 b5 6.Bd3 Nd7 7.e5 c5 8.Ng5 Nh6 9.Qf3 cxd4
10.Nxb5 Rb8 11.Nxd4 Bb7 12.Be4 Bxe4 13.Qxe4 Nc5 14.Qc6+ Qd7 15.Qxd7+ Kxd7
16.Ngf3 Nf5 17.Nxf5 gxf5 18.O-O Rhc8 19.b3 Ne4 20.c4 a5 21.Bb2 Bh6 22.g3 a4
23.exd6 exd6 24.Bd4 axb3 25.axb3 Rxb3 26.Ra7+ Ke6 27.Ba1 Rxc4 28.Nd4+ Rxd4
29.Bxd4 Nd2 30.Rd1 Rd3 31.Kf2 Rxd4 32.Ke3 Re4+ 33.Kxd2 Bg7 34.Rb1 Bd4 35.Rc7 Be3+
36.Kd3 Bc5 37.Rbb7 Re3+ 38.Kd2 Rf3 39.Rxf7 Rf2+ 40.Kd3 Rxh2 41.Rbe7+ Kd5
42.Rxf5+ Kc6 43.g4 h6 44.Rh5 Rg2 45.Rg7 Rg3+ 46.Ke4 d5+ 47.Kf5  1-0

[Event "Chigorin CC"]
[Site "St Petersburg RUS"]
[Date "2005.05.23"]
[Round "7"]
[White "Fateev,M"]
[Black "Nezbailo,D"]
[Result "1-0"]
[WhiteElo "2179"]
[BlackElo "2060"]

1.e4 g6 2.d4 Bg7 3.Nc3 d6 4.f4 Nd7 5.Nf3 c6 6.Bc4 d5 7.Bb3 dxe4 8.Nxe4 Ngf6
9.Nfg5 O-O 10.Nxf7 Rxf7 11.Ng5 e6 12.Bxe6 Ne5 13.fxe5 Bxe6 14.Nxe6 Qe8 15.Nxg7 Kxg7
16.O-O Nd7 17.Rxf7+ Qxf7 18.Qg4 Rf8 19.Be3 Nb6 20.Qh4 h5 21.Bg5 Qf5 22.Bf6+ Kh7
23.Re1 Nd5 24.Qh3 Qxh3 25.gxh3 Nf4 26.h4 Ne6 27.Re4 Rc8 28.c4 Nc7 29.e6 Re8
30.e7 Kg8 31.Re5 Kf7 32.Bg5 Ne6 33.Re4 Nxg5 34.hxg5 Rxe7 35.Rxe7+ Kxe7 36.Kf2 Ke6
37.Kf3 Kf5 38.h4 b6 39.b4 a6 40.a3 Ke6 41.Ke4 Kd6 42.d5 c5 43.bxc5+ Kxc5
44.Ke5 Kxc4 45.d6 b5 46.d7 Kb3 47.d8=Q Kxa3 48.Qa5+ Kb3 49.Kd4  1-0

[Event "TCh-ROM A"]
[Site "Tusnad ROM"]
[Date "2005.05.23"]
[Round "3"]
[White "Murariu,A"]
[Black "Sfarlog,T"]
[Result "1-0"]
[WhiteElo "2430"]
[BlackElo "2016"]

1.e4 g6 2.d4 Bg7 3.Nc3 d6 4.Nf3 Nf6 5.Be2 Bg4 6.O-O O-O 7.Be3 Nc6 8.d5 Nb8
9.a4 c6 10.a5 a6 11.h3 Bxf3 12.Bxf3 Nbd7 13.Re1 c5 14.Be2 b5 15.axb6 Qxb6
16.Qd2 Rfb8 17.f4 Qc7 18.Ra2 Rb4 19.Bf3 Rab8 20.Rxa6 Rxb2 21.Bf2 R8b6 22.Ra3 Rb8
23.Kh1 Nb6 24.Qe2 Nfd7 25.Bg3 c4 26.e5 Nc5 27.Nd1 Rb1 28.Re3 Rf8 29.Nc3 Rxe1+
30.Qxe1 Nca4 31.Nxa4 Nxa4 32.exd6 exd6 33.Qb4 Qb6 34.Qxb6 Nxb6 35.f5 Rd8
36.Re7 c3 37.Rc7 gxf5 38.Bh5 Be5 39.Bxf7+ Kg7 40.Be6+ Kg6 41.Bh4 Ra8 42.g4 fxg4
43.hxg4 Rf8 44.Kg2 Na4 45.Bf5+ Rxf5 46.gxf5+ Kxf5 47.Bf2 h5 48.Kf3 Bf6 49.Rc6 Be5
50.Rc4 Nb2 51.Rh4 Kg5 52.Re4 Kf5 53.Bg1 Kf6 54.Bb6 Kf5 55.Be3 Kf6 56.Bf4  1-0

[Event "TCh-ROM A"]
[Site "Tusnad ROM"]
[Date "2005.05.25"]
[Round "5"]
[White "Gaponenko,I"]
[Black "Bogza,A"]
[Result "1/2-1/2"]
[WhiteElo "2482"]
[BlackElo "2297"]

1.e4 g6 2.d4 Bg7 3.Nc3 d6 4.f4 Nf6 5.Nf3 c5 6.dxc5 Qa5 7.Bd3 Qxc5 8.Qe2 Bg4
9.Be3 Qa5 10.O-O O-O 11.Kh1 Nc6 12.Qe1 Bxf3 13.Rxf3 Rac8 14.a3 d5 15.e5 d4
16.exf6 Bxf6 17.Ne4 dxe3 18.Nxf6+ exf6 19.Qxe3 Rfe8 20.Qf2 f5 21.Re3 Rxe3
22.Qxe3 Qd5 23.Rd1 Qd4 24.Qxd4 Nxd4 25.g3 Kf8 26.Kg1 h5 27.Kf2 Ne6 28.Ke3 Nc5
29.Kd2 Ke7 30.Re1+ Kd6 31.b4 Nxd3 32.Kxd3 h4 33.c4 hxg3 34.c5+ Kd7 35.hxg3 Rh8
36.Kd4 Rh2 37.Re3 Rd2+ 38.Kc3 Ra2 39.Kd4 Rd2+ 40.Kc4 Rc2+ 41.Kb5 Rd2 42.c6+ bxc6+
43.Ka6 c5 44.bxc5 Kc6 45.Kxa7 Kxc5 46.Kb7 Rb2+ 47.Kc7 Kd4 48.Rf3 f6 49.Kd7 Ke4
50.Rc3 g5 51.Ke7 Kd4 52.Rc6 Rb3 53.Kxf6 Rxg3 54.fxg5 f4 55.Rd6+ Ke4 56.Re6+ Kd4
57.Re5 Rxa3 58.g6 Ra6+ 59.Re6  1/2-1/2

[Event "TCh-ROM A"]
[Site "Tusnad ROM"]
[Date "2005.05.25"]
[Round "5"]
[White "Pavlov,Mirc"]
[Black "Vajda,L"]
[Result "1/2-1/2"]
[WhiteElo "2364"]
[BlackElo "2541"]

1.e4 g6 2.d4 Bg7 3.Nc3 d6 4.Bg5 a6 5.f4 c5 6.dxc5 Qa5 7.Qd2 Bxc3 8.Qxc3 Qxc3+
9.bxc3 dxc5 10.Nf3 Nf6 11.Nd2 Be6 12.a4 Nc6 13.Bd3 O-O-O 14.O-O Rhg8 15.Rfe1 Nh5
16.e5 Ng7 17.Bh4 Bf5 18.Ne4 Ne6 19.Bg3 Na5 20.c4 Nc6 21.Rab1 Nb4 22.Nxc5 Nxc5
23.Bxf5+ gxf5 24.Rxb4 Rd2 25.Reb1 Rgd8 26.Bf2 Rd1+ 27.Be1 R8d2 28.a5 Rxb1
29.Rxb1 Rxc2 30.Bh4 e6 31.Rd1 Rxc4 32.Rd8+ Kc7 33.Rf8 b5 34.axb6+ Kxb6 35.Rxf7 a5
36.Bd8+ Ka6 37.Bxa5 Kxa5 38.g3 Kb5 39.Rxh7 Kc6 40.Kg2 Rc2+ 41.Kf3 Kd5 42.h4 Rc3+
43.Kg2 Nd3 44.h5 Ke4 45.h6 Rc2+ 46.Kh3 Nf2+ 47.Kh4 Ng4 48.Kg5 Rh2 49.Ra7 Rxh6
50.Ra4+ Kf3 51.Ra3+ Kg2 52.Ra2+ Kh3 53.Ra6 Kg2 54.Ra2+ Kh3 55.Ra6 Kg2 56.Ra2+  1/2-1/2

[Event "TCh-ROM A"]
[Site "Tusnad ROM"]
[Date "2005.05.25"]
[Round "5"]
[White "Berescu,A"]
[Black "Stan,D"]
[Result "1-0"]
[WhiteElo "2439"]
[BlackElo "1970"]

1.e4 d6 2.d4 g6 3.Nc3 Bg7 4.f4 e6 5.Nf3 Ne7 6.Bd3 O-O 7.Be3 Nd7 8.e5 Nb6
9.Ne4 Ned5 10.Bd2 f5 11.exf6 Nxf6 12.Qe2 Nxe4 13.Qxe4 Nd5 14.O-O-O c6 15.g3 b5
16.h4 Qb6 17.h5 Nf6 18.Qe2 Nxh5 19.Rxh5 gxh5 20.Ng5 Rf6 21.Qxh5 Bd7 22.Bxh7+ Kf8
23.Bb4 Ke7 24.Ne4 Kd8 25.Bxd6 Rf5 26.Bxf5 exf5 27.Nc5 Bf6 28.Qf7  1-0

[Event "TCh-IRI"]
[Site "Tehran IRI"]
[Date "2005.05.26"]
[Round "1"]
[White "Mahjoob,M"]
[Black "Abbasov,F"]
[Result "0-1"]
[WhiteElo "2442"]
[BlackElo "2451"]

1.e4 g6 2.d4 Bg7 3.Nc3 d6 4.f4 c6 5.Nf3 Qb6 6.Bc4 Nd7 7.O-O f5 8.Bb3 Nh6
9.Kh1 fxe4 10.Nxe4 Nf6 11.Neg5 d5 12.Qe2 Nf5 13.c4 O-O 14.Ne6 Ne4 15.c5 Qa5
16.Bd2 Nxd2 17.Nxg7 Nxf1 18.Nxf5 Bxf5 19.Rxf1 Bg4 20.Qe3 Bxf3 21.Rxf3 Qc7
22.h4 Rf6 23.Rf2 Raf8 24.g3 Qd7 25.Re2 Kf7 26.Qf2 Qh3+ 27.Kg1 h6 28.Bc2 Re6
29.Re3 Rxe3 30.Qxe3 Qe6 31.Qxe6+ Kxe6 32.Bxg6 b6 33.cxb6 axb6 34.Kf2 c5 35.Ke3 Kd6
36.h5 Ra8 37.a3 cxd4+ 38.Kxd4 Ra4+ 39.Ke3 e5 40.fxe5+ Kxe5 41.Bd3 Rg4 42.Kf3 Rg5
43.g4 Kd4 44.Bf5 Ke5 45.Ke3 Rg8 46.Kd3 Ra8 47.Bd7 Ra7 48.Bf5 Rc7 49.Bg6 Rc1
50.Bf5 Rg1 51.Kc3 Rg3+ 52.Kb4 Kd4 53.Be6 Rg2 54.b3 Rg3 55.a4 Ke5 56.Bf5 d4
57.Bc8  0-1

[Event "30th Elekes Mem IM"]
[Site "Budapest HUN"]
[Date "2005.05.27"]
[Round "7"]
[White "Koneru,C"]
[Black "Mester,G"]
[Result "0-1"]
[WhiteElo "2305"]
[BlackElo "2410"]

1.d4 g6 2.e4 Bg7 3.Nc3 d6 4.Be3 Nf6 5.f3 a6 6.Qd2 b5 7.a3 Nbd7 8.Bh6 Bxh6
9.Qxh6 c5 10.Nge2 Qa5 11.Qd2 Bb7 12.Ng3 h5 13.h4 Qc7 14.Kf2 Rc8 15.Be2 cxd4
16.Qxd4 Qc5 17.Rhd1 O-O 18.Nf1 Ne5 19.Ne3 Rfd8 20.Rac1 Nc6 21.Qxc5 dxc5 22.Ncd5 Nxd5
23.Nxd5 e6 24.Ne3 Kf8 25.c3 c4 26.Rxd8+ Rxd8 27.Rd1 Rxd1 28.Bxd1 Ne5 29.Bc2 f5
30.f4 Nd7 31.exf5 gxf5 32.Bd1 Nf6 33.Nf1 Kg7 34.Ng3 Kg6 35.Be2 a5 36.Bd1 Bc6
37.Be2 Kh6 38.Bd1 Nd7 39.b4 cxb3 40.Bxb3 Nc5 41.Ba2 Kg6 42.Ke3 a4 43.c4 Nb3
44.cxb5 Bxb5 45.Kf2 Bc4 46.Bb1 Nd4 47.Ke3 Nb5 48.Bc2 Bb3 49.Bxb3 axb3 50.Kd3 Nxa3
51.Kc3 Nc4 52.Kxb3 Ne3 53.Kc3 Nxg2 54.Kd4 Nxh4 55.Ke5 Ng2 56.Kxe6 Nxf4+ 57.Ke5 Nd3+
58.Kd4 h4 59.Nf1 Nb4 60.Ke3 Kg5 61.Nh2 Nc6 62.Kf3 Ne5+ 63.Kg2 f4 64.Kh3 f3
65.Nf1 Ng6 66.Nd2 Nf4+ 67.Kh2 Kg4 68.Nf1 f2 69.Nd2 Kf5 70.Nf1 Ke4 71.Nd2+ Kd3
72.Nf1 Ke2  0-1

[Event "Cup Belarus"]
[Site "Minsk BLR"]
[Date "2005.05.27"]
[Round "8"]
[White "Aliavdin,N"]
[Black "Meshkov,Y"]
[Result "1-0"]
[WhiteElo "2326"]
[BlackElo "2385"]

1.e4 g6 2.d4 Bg7 3.Nc3 d6 4.h3 a6 5.a4 b6 6.Nf3 Bb7 7.Bc4 e6 8.O-O Nd7 9.Bg5 Ne7
10.Qd2 h6 11.Be3 Nf6 12.d5 Nxe4 13.Nxe4 exd5 14.Bd4 dxe4 15.Bxg7 exf3 16.Bxh8 Nf5
17.Bd5 fxg2 18.Rfe1+ Kd7 19.Bxb7 Qxh8 20.Bxa8 Qxa8 21.Ra3  1-0

[Event "Cup Belarus"]
[Site "Minsk BLR"]
[Date "2005.05.27"]
[Round "9"]
[White "Ginzburg,Mi"]
[Black "Chadaev,N"]
[Result "0-1"]
[WhiteElo "2329"]
[BlackElo "2434"]

1.e4 g6 2.d4 Bg7 3.Nc3 d6 4.Be3 a6 5.Qd2 b5 6.f3 Bb7 7.O-O-O Nd7 8.g4 Rc8
9.h4 h6 10.Kb1 c5 11.dxc5 dxc5 12.Nh3 e6 13.Nf2 Ne7 14.f4 Qc7 15.h5 Nb6 16.Bxb5+ Kf8
17.Be2 Kg8 18.g5 hxg5 19.fxg5 gxh5 20.Bxh5 Nc4 21.Qd3 Nxb2 22.Kxb2 Qa5 23.Bd2 Rd8
24.Qf3 Rxh5 25.Rxh5 Qb4+ 26.Kc1 Qa3+ 27.Kb1 Bd5 28.Qg3 Bxa2+ 29.Ka1 Bc4+
30.Kb1 e5  0-1